000 00446pab a2200169 454500
008 180718b2014 xxu||||| |||| 00| 0 eng d
100 _aKabra, Kamal Nayan
245 _aGujarat : A model of 'development'?
260 _c2014
300 _ap.6-12.
362 _a12 Apr
650 _aEconomic and social development - India - Gujarat
650 _aEconomic and social development
773 _aMainstream
908 _aN
909 _a103647
999 _c103643
_d103643